000 00962nam a2200265 c 4500
001 a5622307
003 CO-ViMGA
005 20230915234407.0
008 150313s2014 sp a | |||| 000 1 spa
020 _a 9789588699936
040 _aCO-ViMGA
_bspa
_cCO-ViMGA
090 _aC GEN2
100 1 _aGenechten, Guido van
_d1957-
_4aut
_98056
240 1 0 _aOmdat je imjn vriendje bent
_lEspañol
245 1 0 _aPorque eres mi amigo
_cGuido van Genechten ; [traduccion, Diego de los Santos]
260 _aBogotá :
_bGrupo Penta
300 _a[26] p.
_bprincipalmente il. col.
_c26 x 19 cm
490 _aPlan Nacional de Lectura y Escritura Leer es mi Cuento / Ministerio de Cultura
500 _aDe 4 A 6 Años
650 1 4 _a Literatura Infantil Belga - Siglo Xx
_97973
650 1 4 _aCuentos Infantiles Belgas - Siglo Xx
_97972
650 1 4 _aLibros Ilustrados Para Niños
_987
700 1 _aSantos, Diego de los
_d1974-
_etraductor
_4trl
_98057
942 _2ddc
_cBK
999 _c7715
_d7715